Manual de estrabología práctica: aspectos clínicos y terapéuticos
Gespeichert in:
| Hauptverfasser: | , |
|---|---|
| Format: | Buch |
| Sprache: | Spanisch |
| Veröffentlicht: |
Barcelona
Masson
1996
|
| Schlagworte: | |
| Tags: |
Tag hinzufügen
Keine Tags, Fügen Sie den ersten Tag hinzu!
|
MARC
| LEADER | 00000nam a2200000 a 4500 | ||
|---|---|---|---|
| 001 | UCK6835 | ||
| 003 | CL-VaPUC | ||
| 008 | 051021e19960000SP |||||||||||||||||spa|d | ||
| 020 | |a 8445803549 | ||
| 082 | 0 | 4 | |a 617.762 |b JEA |2 21 |
| 100 | 0 | |a Jeanrot, Nicole |e author |9 496314 | |
| 700 | 0 | |a Jeanrot, Francois |e author |9 496315 | |
| 245 | 1 | 0 | |a Manual de estrabología práctica: aspectos clínicos y terapéuticos |
| 300 | |a 165 p | ||
| 942 | |c BK | ||
| 945 | |d 20051021 00:00:00 |a cmena | ||
| 260 | |a Barcelona |b Masson |c 1996 | ||
| 650 | 0 | |a Estrabismo |9 407002 | |
| 650 | 0 | |a Enfermedades de los ojos |9 351395 | |
| 650 | 0 | |a Oftalmología |9 343851 | |
| 650 | 0 | |a Ambliopía |9 431655 | |
| 650 | 7 | |a HETEROFORIA |2 CL-VaPUC |9 453281 | |
| 650 | 7 | |a PARALISIS |2 CL-VaPUC |9 340626 | |
| 583 | |a last modification |c 20051021 00:00:00 |k Rodrigo Vera | ||
| 999 | |c 314981 |d 314979 | ||
| 952 | |0 0 |1 0 |4 0 |6 617_762000000000000_JEA_1996 |7 0 |8 A |9 387850 |a BIBCUR |b BIBCUR |d 2019-11-22 |i 4120914 |l 3 |o 617.762 JEA 1996 |p 4120914 |r 2025-04-22 |s 2023-11-15 |w 2019-11-22 |y BK |k TEM | ||
| 952 | |0 0 |1 0 |4 0 |6 617_762000000000000_JEA_1996 |7 0 |8 A |9 387851 |a BIBCUR |b BIBCUR |d 2019-11-22 |i 4120922 |o 617.762 JEA 1996 |p 4120922 |r 2025-04-22 |w 2019-11-22 |y BK |k TEM | ||